书目信息 |
| 题名: |
奈达翻译理论研究
|
|
| 作者: | 马会娟 著 | |
| 分册: | ||
| 出版信息: | 北京 外语教学与研究出版社 2003.09 |
|
| 页数: | 250页 | |
| 开本: | 21cm | |
| 丛书名: | 北京外国语大学中国外语教育研究中心·学术著作系列 | |
| 单 册: | ||
| 中图分类: | H315.9 | |
| 科图分类: | ||
| 主题词: | 英语--翻译 , 英语 , 翻译 | |
| 电子资源: | ||
| ISBN: | 7-5600-3920-0 | |
| 000 | 00947nam2 2200289 45 | |
| 001 | 012004000000 | |
| 005 | 20041201102622.71 | |
| 010 | @a7-5600-3920-0@dCNY 11.90 | |
| 100 | @a20040515d2003 ekmy0chiy0121 ea | |
| 101 | 0 | @achi@aeng |
| 102 | @aCN@b110000 | |
| 105 | @ay z 001yy | |
| 200 | 1 | @a奈达翻译理论研究@Anai da fan yi li lun yan jiu@dA study on nida's translation theory@e英文本@f马会娟著@zeng |
| 210 | @a北京@c外语教学与研究出版社@d2003.09 | |
| 215 | @a250页@d21cm | |
| 225 | 2 | @a北京外国语大学中国外语教育研究中心·学术著作系列 |
| 300 | @a教育部人文社会科学重点研究基地 | |
| 320 | @a书末附附录和参考书目 | |
| 410 | 0 | @12001 @a北京外国语大学中国外语教育研究中心·学术著作系列 |
| 510 | 1 | @aA study on nida's translation theory@zeng |
| 606 | 0 | @a英语@x翻译 |
| 606 | 0 | @a英语 |
| 606 | 0 | @a翻译 |
| 690 | @aH315.9@v4 | |
| 701 | 0 | @a马会娟@Ama hui juan@4著 |
| 801 | 0 | @aCN@bQSSKw@c20041201 |
| 905 | @a10447@dH315.9@eM061 | |
| 奈达翻译理论研究=A study on nida's translation theory:英文本/马会娟著.-北京:外语教学与研究出版社,2003.09 |
| 250页;21cm.-(北京外国语大学中国外语教育研究中心·学术著作系列) |
| 教育部人文社会科学重点研究基地 |
| ISBN 7-5600-3920-0:CNY 11.90 |
| ● |
| 相关链接 |
|
|
|
正题名:奈达翻译理论研究
索取号:H315.9/M061
 
预约/预借
| 序号 | 登录号 | 条形码 | 馆藏地/架位号 | 状态 | 备注 |
| 1 | 428945 | 204289457 | 语言库209/209语言库 39排3列4层/ [索取号:H315.9/M061] | 在馆 | |
| 2 | 428946 | 204289466 | 语言库209/209语言库 39排3列4层/ [索取号:H315.9/M061] | 在馆 | |
| 3 | 428947 | 204289475 | 语言库209/209语言库 39排3列4层/ [索取号:H315.9/M061] | 在馆 |